书目信息 |
| 题名: |
干旱区成龄葡萄微灌节水技术研究与应用
|
|
| 作者: | 张江辉 , 白云岗 , 王全久 著 | |
| 分册: | ||
| 出版信息: | 北京 中国水利水电出版社 2014 |
|
| 页数: | 396页 | |
| 开本: | 26cm | |
| 丛书名: | ||
| 单 册: | ||
| 中图分类: | S663.1 | |
| 科图分类: | ||
| 主题词: | 干旱区--葡萄栽培--节水栽培 | |
| 电子资源: | ||
| ISBN: | 978-7-5170-2818-5 | |
| 000 | 01255nam0 2200289 450 | |
| 001 | 012015000149 | |
| 005 | 20150914162129.18 | |
| 010 | @a978-7-5170-2818-5@dCNY98.00 | |
| 100 | @a20150712d2014 em y0chiy50 ea | |
| 101 | 0 | @achi |
| 102 | @aCN@b110000 | |
| 105 | @ay az 000yy | |
| 106 | @ar | |
| 200 | 1 | @a干旱区成龄葡萄微灌节水技术研究与应用@Agan han qu cheng ling pu tao wei guan jie shui ji shu yan jiu yu ying yong@f张江辉,白云岗,王全久著 |
| 210 | @a北京@c中国水利水电出版社@d2014 | |
| 215 | @a396页@d26cm | |
| 312 | @a封面英文题名:Research and application on water-saving technology of micro irrigation for mature grapes in arid area | |
| 320 | @a有书目 | |
| 330 | @a全书共分13章,包括概论、吐鲁番盆地自然与社会经济概况、试验研究区基本情况调查研究、土石混合介质水分入渗特性试验研究、潜在蒸散特征及葡萄水分传输机制研究、葡萄需水规律及灌溉制度研究等内容。 | |
| 510 | 1 | @aResearch and application on water-saving technology of micro irrigation for mature grapes in arid area@zeng |
| 606 | 0 | @a干旱区@x葡萄栽培@x节水栽培 |
| 690 | @aS663.1@v5 | |
| 701 | 0 | @a张江辉@Azhang jiang hui@4著 |
| 701 | 0 | @a白云岗@Abai yun gang@4著 |
| 701 | 0 | @a王全久@Awang quan jiu@4著 |
| 801 | 0 | @aCN@b碧洲教育@c20150716 |
| 905 | @a10447@f4@dS663.1@e334 | |
| 干旱区成龄葡萄微灌节水技术研究与应用/张江辉,白云岗,王全久著.-北京:中国水利水电出版社,2014 |
| 396页;26cm |
| ISBN 978-7-5170-2818-5:CNY98.00 |
| 全书共分13章,包括概论、吐鲁番盆地自然与社会经济概况、试验研究区基本情况调查研究、土石混合介质水分入渗特性试验研究、潜在蒸散特征及葡萄水分传输机制研究、葡萄需水规律及灌溉制度研究等内容。 |
| ● |
| 相关链接 |
|
|
|
|
正题名:干旱区成龄葡萄微灌节水技术研究与应用
索取号:S663.1/334
 
预约/预借
| 序号 | 登录号 | 条形码 | 馆藏地/架位号 | 状态 | 备注 |
| 1 | 0870433 | 208704339 | 第二样本阅览室/ [索取号:S663.1/334] | 在馆 | |
| 2 | 0870434 | 208704348 | 密集书库-生命科学系/ [索取号:S663.1/334] | 在馆 | |
| 3 | 0870435 | 208704357 | 第三借阅区/ [索取号:S663.1/334] | 在馆 | |
| 4 | 0870436 | 208704366 | 第三借阅区/ [索取号:S663.1/334] | 在馆 |